000 00624npm a2200157 4500
003 OSt
005 20250405160429.0
008 250325b |||||||| |||| 00| 0 fre d
040 _cautismepaimpol.fr
245 _aPrismes sonores
246 _aPour stimuler l'écoute.
500 _aCes 12 prismes en bois sont organisés en paires de sons.
520 _aSecouez-les et retrouvez à l’oreille la bonne paire ! Les notes de couleurs permettent de vérifier les paires. Leur forme permet une manipulation facile et de multiples jeux : construction, empilage, tri, mémory…
562 _dDim 5 x 6 cm.
942 _cMATSENS
999 _c155
_d155